[Event "Anapa op"]
[Site "Anapa"]
[Date "2012.09.07"]
[Round "8"]
[White "Grigoriev, Vladimir"]
[Black "Usov, Alexey B"]
[Result "0-1"]
[WhiteElo "2146"]
[BlackElo "2268"]
[PlyCount "52"]
[EventDate "2012.08.30"]
[EventType "swiss"]
[EventRounds "9"]
[EventCountry "RUS"]
[SourceTitle "CBM 150 Extra"]
[Source "ChessBase"]
[SourceDate "2012.10.19"]
[SourceVersion "1"]
[SourceVersionDate "2012.10.19"]
[SourceQuality "1"]

1. e4 c5 2. Nf3 d6 3. d4 cxd4 4. Nxd4 Nf6 5. Nc3 g6 6. Be3 Bg7 7. f3 Nc6 8. Qd2 h5 9. Nxc6 bxc6 10. Bc4 Qa5 11. 0-0-0 Rb8 12. Bb3 Be6 13. Kb1 c5 14. Nd5 Qd8 15. c3 Rxb3 16. Nxf6+ Bxf6 17. axb3 Bxb3 18. Bxc5 Qa5 19. Ba3 0-0 20. Rc1 Rb8 21. f4 Qa4 22. Rhe1 Bc4 23. e5 Qxa3 24. b4 dxe5 25. Rc2 exf4 26. Qxf4 Rxb4+ 0-1

[Event "Anapa op"]
[Site "Anapa"]
[Date "2012.09.05"]
[Round "6"]
[White "Grigorian, Andrei"]
[Black "Usov, Alexey B"]
[Result "0-1"]
[WhiteElo "2070"]
[BlackElo "2268"]
[PlyCount "85"]
[EventDate "2012.08.30"]
[EventType "swiss"]
[EventRounds "9"]
[EventCountry "RUS"]
[SourceTitle "CBM 150 Extra"]
[Source "ChessBase"]
[SourceDate "2012.10.19"]
[SourceVersion "1"]
[SourceVersionDate "2012.10.19"]
[SourceQuality "1"]

1. e4 c6 2. d4 d5 3. exd5 cxd5 4. c4 Nf6 5. Nc3 g6 6. cxd5 Bg7 7. Bc4 0-0 8. Nge2 b6 9. Bg5 Na6 10. 0-0 Nc7 11. Re1 Bb7 12. Nf4 Qd6 13. h4 h6 14. Bxf6 Qxf6 15. Qg4 Ne8 16. Re5 Qd6 17. Rae1 Bc8 18. Qg3 Bxe5 19. Rxe5 Ng7 20. Bd3 f5 21. Nxg6 f4 22. Nxf4 Rf7 23. Bg6 Rxf4 24. Qxf4 Qxg6 25. Rxe7 Bh3 26. Qg3 Qxg3 27. fxg3 Bf5 28. d6 Rd8 29. Rxa7 Rxd6 30. Rb7 Bd3 31. d5 Nf5 32. Kf2 h5 33. Rb8+ Kg7 34. Re8 Nh6 35. g4 Nxg4+ 36. Kg3 Kf7 37. Rh8 Nf6 38. Rb8 Ne4+ 39. Nxe4 Bxe4 40. a4 Rg6+ 41. Kf4 Bxg2 42. Kf5 Bh3+ 43. Ke5 0-1

[Event "Anapa op"]
[Site "Anapa"]
[Date "2012.09.04"]
[Round "5"]
[White "Usov, Alexey B"]
[Black "Mkrtchyan, Artak"]
[Result "1/2-1/2"]
[WhiteElo "2268"]
[BlackElo "2082"]
[PlyCount "74"]
[EventDate "2012.08.30"]
[EventType "swiss"]
[EventRounds "9"]
[EventCountry "RUS"]
[SourceTitle "CBM 150 Extra"]
[Source "ChessBase"]
[SourceDate "2012.10.19"]
[SourceVersion "1"]
[SourceVersionDate "2012.10.19"]
[SourceQuality "1"]

1. g3 Nf6 2. Bg2 g6 3. c4 Bg7 4. Nc3 0-0 5. Nf3 d6 6. Rb1 e5 7. b4 Nc6 8. d3 Ne7 9. b5 a6 10. a4 axb5 11. axb5 h6 12. 0-0 Be6 13. Bb2 Qd7 14. Ra1 Bh3 15. e4 Bxg2 16. Kxg2 Nh7 17. Ng1 f5 18. Ra4 f4 19. h3 Ng5 20. Rxa8 Rxa8 21. Qg4 Qxg4 22. hxg4 Ne6 23. Nf3 Nc5 24. Rd1 fxg3 25. fxg3 Nb3 26. Rb1 Nc5 27. Ne1 Bf6 28. Kf2 Bg5 29. Ke2 Nc8 30. Nf3 Nb6 31. Nxg5 hxg5 32. Ra1 Nca4 33. Nxa4 Nxa4 34. d4 exd4 35. Bxd4 Nb6 36. Rh1 Ra2+ 37. Kd3 Ra3+ 1/2-1/2

[Event "Anapa op"]
[Site "Anapa"]
[Date "2012.09.02"]
[Round "3"]
[White "Usov, Alexey B"]
[Black "Ivanov, Nikolay A"]
[Result "1-0"]
[WhiteElo "2268"]
[BlackElo "1962"]
[PlyCount "101"]
[EventDate "2012.08.30"]
[EventType "swiss"]
[EventRounds "9"]
[EventCountry "RUS"]
[SourceTitle "CBM 150 Extra"]
[Source "ChessBase"]
[SourceDate "2012.10.19"]
[SourceVersion "1"]
[SourceVersionDate "2012.10.19"]
[SourceQuality "1"]

1. Nf3 c5 2. g3 Nc6 3. Bg2 g6 4. 0-0 Bg7 5. c3 e5 6. e4 Nge7 7. d3 0-0 8. Nbd2 d6 9. a4 h6 10. Nh4 g5 11. Nhf3 Ng6 12. Nc4 Be6 13. Ne3 Qd7 14. a5 Rad8 15. Nd2 Nce7 16. Re1 Kh7 17. Qa4 Qc8 18. Qb5 Bd7 19. Qb3 Be6 20. Ndc4 Rg8 21. Bd2 Bh8 22. Rec1 Qd7 23. Re1 Rb8 24. Qa4 Qc7 25. b4 Nf4 26. bxc5 dxc5 27. Qc2 Nxg2 28. Kxg2 Rgd8 29. Nb2 Bg7 30. f3 Kh8 31. Rh1 Ng6 32. c4 Qd7 33. h3 f5 34. Nd5 f4 35. g4 Nh4+ 36. Kf2 Kh7 37. Ke2 Kg6 38. Be1 Kf7 39. Qa4 Qc6 40. Bf2 Rdc8 41. Nd1 Bf8 42. N1c3 Qxa4 43. Rxa4 Ng6 44. Ra2 Bd7 45. Rb1 Ne7 46. Rab2 Bc6 47. h4 gxh4 48. Bxh4 Ng6 49. Bf2 Bd6 50. Nb5 Bxb5 51. Rxb5 1-0

[Event "Anapa op-B"]
[Site "Anapa"]
[Date "2010.09.09"]
[Round "8"]
[White "Barsamian, Eduard"]
[Black "Usov, Alexey B"]
[Result "1/2-1/2"]
[WhiteElo "2182"]
[BlackElo "2271"]
[PlyCount "65"]
[EventDate "2010.08.31"]
[EventType "swiss"]
[EventRounds "9"]
[EventCountry "RUS"]
[SourceTitle "EXT 2013"]
[Source "ChessBase"]
[SourceDate "2012.11.22"]
[SourceVersion "1"]
[SourceVersionDate "2012.11.22"]
[SourceQuality "1"]

1. d4 Nf6 2. c4 e6 3. Nc3 Bb4 4. Qc2 c5 5. dxc5 Nc6 6. Nf3 0-0 7. a3 Bxc5 8. Bg5 a5 9. e3 h6 10. Bh4 b6 11. Rd1 g5 12. Bg3 Qe7 13. Be2 Ba6 14. 0-0 Nh5 15. Ne4 Nxg3 16. hxg3 Rfd8 17. Qc3 f5 18. Nf6+ Kf7 19. Nh5 Kg6 20. g4 d5 21. gxf5+ exf5 22. Ng3 dxc4 23. Bxc4 Qf6 24. Qxf6+ Kxf6 25. Rxd8 Nxd8 26. Bxa6 Rxa6 27. Rd1 Nc6 28. Kf1 Ra8 29. e4 f4 30. Nf5 h5 31. Rd7 g4 32. N3h4 Ra7 33. Rd5 1/2-1/2

[Event "Anapa op-B"]
[Site "Anapa"]
[Date "2010.09.08"]
[Round "7"]
[White "Usov, Alexey B"]
[Black "Gataullin, Artur"]
[Result "1-0"]
[WhiteElo "2271"]
[BlackElo "2081"]
[PlyCount "111"]
[EventDate "2010.08.31"]
[EventType "swiss"]
[EventRounds "9"]
[EventCountry "RUS"]
[SourceTitle "EXT 2013"]
[Source "ChessBase"]
[SourceDate "2012.11.22"]
[SourceVersion "1"]
[SourceVersionDate "2012.11.22"]
[SourceQuality "1"]

1. d4 d5 2. Nf3 Nf6 3. c4 e6 4. g3 Be7 5. Bg2 0-0 6. 0-0 Nbd7 7. Nbd2 b6 8. cxd5 exd5 9. Ne5 Nxe5 10. dxe5 Ne8 11. e4 Bb7 12. f4 c5 13. exd5 Bxd5 14. Ne4 Kh8 15. Be3 f6 16. Qh5 f5 17. Rad1 fxe4 18. Bxe4 Bxe4 19. Rxd8 Rxd8 20. f5 Rd3 21. f6 gxf6 22. Bh6 Bg6 23. Qg4 Ng7 24. Qc4 fxe5 25. Rxf8+ Bxf8 26. Qa6 Rd7 27. Qc8 Rf7 28. g4 Kg8 29. h4 Bd3 30. h5 c4 31. Kg2 Be4+ 32. Kg3 Bb7 33. Qb8 e4 34. Bd2 Rd7 35. h6 Ne6 36. g5 Kf7 37. Kg4 e3 38. Bxe3 Be4 39. Qe5 Bd5 40. Qh8 Ke8 41. g6 Be4 42. Qe5 Bxg6 43. Qxe6+ Re7 44. Qc6+ Kf7 45. Qxc4+ Re6 46. Bg5 Bd6 47. a3 a5 48. Qd5 Be4 49. Qc4 Bc5 50. b4 axb4 51. axb4 Bd6 52. b5 Bg6 53. Qa2 Bc5 54. Qa7+ Kf8 55. Qg7+ Ke8 56. Qg8+ 1-0

[Event "Anapa op-B"]
[Site "Anapa"]
[Date "2010.09.07"]
[Round "6"]
[White "Makeev, Nikolay"]
[Black "Usov, Alexey B"]
[Result "1/2-1/2"]
[WhiteElo "2011"]
[BlackElo "2271"]
[PlyCount "43"]
[EventDate "2010.08.31"]
[EventType "swiss"]
[EventRounds "9"]
[EventCountry "RUS"]
[SourceTitle "EXT 2013"]
[Source "ChessBase"]
[SourceDate "2012.11.22"]
[SourceVersion "1"]
[SourceVersionDate "2012.11.22"]
[SourceQuality "1"]

1. d4 Nf6 2. c4 g6 3. Nc3 Bg7 4. e4 d6 5. f3 0-0 6. Be3 e5 7. d5 c6 8. Bd3 Nbd7 9. Nge2 Ne8 10. 0-0 c5 11. a3 Bf6 12. Qd2 Ng7 13. b4 Be7 14. Rab1 f5 15. exf5 Nxf5 16. Ne4 b6 17. Bg5 Bxg5 18. Qxg5 Qxg5 19. Nxg5 Nf6 20. Nc3 Nd4 21. bxc5 dxc5 22. Rbe1 1/2-1/2

[Event "Anapa op-B"]
[Site "Anapa"]
[Date "2010.09.01"]
[Round "2"]
[White "Azanov, Pavel"]
[Black "Usov, Alexey B"]
[Result "0-1"]
[WhiteElo "2064"]
[BlackElo "2271"]
[PlyCount "120"]
[EventDate "2010.08.31"]
[EventType "swiss"]
[EventRounds "9"]
[EventCountry "RUS"]
[SourceTitle "EXT 2013"]
[Source "ChessBase"]
[SourceDate "2012.11.22"]
[SourceVersion "1"]
[SourceVersionDate "2012.11.22"]
[SourceQuality "1"]

1. e4 c5 2. Nf3 d6 3. Bb5+ Bd7 4. Bxd7+ Nxd7 5. 0-0 g6 6. d3 Bg7 7. Nc3 Ngf6 8. Bg5 h6 9. Bd2 e6 10. Qc1 a6 11. a4 b6 12. h3 Rc8 13. Kh1 Ne5 14. Nxe5 dxe5 15. b3 Qd6 16. Ne2 Nd7 17. f4 exf4 18. Bxf4 Qe7 19. Rb1 Ne5 20. Qe3 Nc6 21. e5 Qc7 22. d4 cxd4 23. Nxd4 Bxe5 24. Nxe6 fxe6 25. Rbe1 0-0 26. Bxh6 Rxf1+ 27. Rxf1 Kh7 28. Bf8 Kg8 29. Ba3 Rd8 30. Qe4 Kg7 31. Bc1 Qd6 32. Qf3 Qd7 33. Bg5 Re8 34. Qe4 Rf8 35. Re1 Rf5 36. Be3 b5 37. axb5 axb5 38. c4 bxc4 39. bxc4 Bg3 40. Rb1 Bc7 41. Qh4 Rh5 42. Qg4 Qd6 43. Bg1 Ne5 44. Qe4 Nd3 45. Qe3 Rf5 46. Qd4+ Qxd4 47. Bxd4+ e5 48. Be3 e4 49. g4 Rf3 50. Bd4+ Kf8 51. Rb7 Rxh3+ 52. Kg2 Rh7 53. Bb6 Nf4+ 54. Kg3 Rh3+ 55. Kf2 Rf3+ 56. Ke1 Bxb6 57. Rxb6 Kf7 58. g5 e3 59. Rb3 Rh3 60. Kd1 e2+ 0-1

[Event "Anapa op"]
[Site "Anapa"]
[Date "2008.09.05"]
[Round "5"]
[White "Natacheev, Peter"]
[Black "Usov, Alexey B"]
[Result "1-0"]
[WhiteElo "2185"]
[BlackElo "2300"]
[PlyCount "93"]
[EventDate "2008.08.31"]
[EventType "swiss"]
[EventRounds "9"]
[EventCountry "RUS"]
[SourceTitle "EXT 2010"]
[Source "ChessBase"]
[SourceDate "2010.11.25"]
[SourceVersion "1"]
[SourceVersionDate "2010.11.25"]
[SourceQuality "1"]

1. e4 c6 2. d4 d5 3. exd5 cxd5 4. c4 Nf6 5. Nc3 g6 6. Bf4 Bg7 7. c5 0-0 8. Nf3 Nc6 9. Be2 Ne4 10. 0-0 Bg4 11. Be3 b6 12. cxb6 Nxc3 13. bxc3 axb6 14. h3 Bf5 15. Bb5 Na5 16. Re1 Ra7 17. Bf4 Qc8 18. Qc1 Nc4 19. a4 Na5 20. Qa3 Rd8 21. Rac1 Bf8 22. Qa2 Nc4 23. Ne5 Nxe5 24. Rxe5 Be6 25. Qb3 Bg7 26. Ree1 h6 27. c4 dxc4 28. Bxc4 Bxc4 29. Rxc4 Qa6 30. Bc7 Re8 31. Bxb6 Rb7 32. Rb4 Rd7 33. Qc4 Qa8 34. Rb5 e6 35. a5 Bf8 36. Qa4 Qc6 37. a6 Ra8 38. Reb1 Bd6 39. Qa5 Kg7 40. a7 Qe4 41. Qc3 Rb7 42. Re1 Qh4 43. Qc6 Qe7 44. Bd8 Rxd8 45. Rxb7 Qf8 46. Rd7 Qe8 47. Rxd8 1-0

[Event "Anapa op"]
[Site "Anapa"]
[Date "2008.09.05"]
[Round "6"]
[White "Usov, Alexey B"]
[Black "Oganian, Miran"]
[Result "0-1"]
[WhiteElo "2300"]
[BlackElo "1875"]
[PlyCount "88"]
[EventDate "2008.08.31"]
[EventType "swiss"]
[EventRounds "9"]
[EventCountry "RUS"]
[SourceTitle "EXT 2010"]
[Source "ChessBase"]
[SourceDate "2010.11.25"]
[SourceVersion "1"]
[SourceVersionDate "2010.11.25"]
[SourceQuality "1"]

1. Nf3 Nf6 2. g3 b5 3. b3 Bb7 4. Bg2 g6 5. 0-0 Bg7 6. Bb2 0-0 7. d3 d6 8. Nbd2 c5 9. Re1 Nc6 10. e4 e5 11. Nf1 Qd7 12. h3 Rfc8 13. Ne3 Ba6 14. Nd2 Rab8 15. Kh2 Nh5 16. Bf3 Nf6 17. Kg2 Rc7 18. Rh1 Nd4 19. Bg4 Qe7 20. c3 Ne6 21. Bxe6 fxe6 22. c4 bxc4 23. dxc4 Bb7 24. Qc2 Rd7 25. Rhe1 Rf8 26. f3 Nh5 27. Ng4 Qg5 28. Nf1 Qd8 29. Nfe3 Rdf7 30. Rf1 Qa8 31. Nh2 Qd8 32. Rad1 Qg5 33. Nhg4 Nf4+ 34. gxf4 exf4 35. Bxg7 Kxg7 36. Qc3+ Kg8 37. h4 Qxh4 38. Qe1 Qg5 39. Nc2 h5 40. Rh1 hxg4 41. Qh4 gxf3+ 42. Kxf3 Qg3+ 43. Qxg3 fxg3+ 44. Kxg3 Bxe4 0-1

[Event "Anapa op"]
[Site "Anapa"]
[Date "2008.09.03"]
[Round "4"]
[White "Usov, Alexey B"]
[Black "Karaev, Seit"]
[Result "1-0"]
[WhiteElo "2300"]
[BlackElo "2075"]
[PlyCount "127"]
[EventDate "2008.08.31"]
[EventType "swiss"]
[EventRounds "9"]
[EventCountry "RUS"]
[SourceTitle "EXT 2010"]
[Source "ChessBase"]
[SourceDate "2010.11.25"]
[SourceVersion "1"]
[SourceVersionDate "2010.11.25"]
[SourceQuality "1"]

1. Nf3 Nf6 2. c4 g6 3. g3 Bg7 4. Bg2 0-0 5. 0-0 d6 6. Nc3 Nc6 7. Rb1 e5 8. d3 Ne8 9. b4 h6 10. b5 Ne7 11. a4 f5 12. Qb3 c6 13. Ne1 Be6 14. Ba3 f4 15. Nc2 Rc8 16. Ne4 Bg4 17. Rfe1 c5 18. Bc1 b6 19. Ra1 Nc7 20. a5 Ne6 21. axb6 axb6 22. Ra7 Nf5 23. Bb2 Nfd4 24. Nxd4 exd4 25. Bc1 Be5 26. Qa2 Rc7 27. Ra8 Qe7 28. Ra6 h5 29. Rxb6 h4 30. Bxf4 Nxf4 31. gxf4 Bxf4 32. e3 dxe3 33. fxe3 Be5 34. h3 Bf5 35. Rf1 Bxe4 36. Rxf8+ Kxf8 37. Bxe4 Qg5+ 38. Qg2 Bg3 39. Qf3+ Rf7 40. Rb8+ Kg7 41. Rb7 Rxb7 42. Bxb7 Qe5 43. Bd5 Qa1+ 44. Qf1 Qe5 45. Be4 Qb2 46. Bg2 Be5 47. Kh1 Qd2 48. b6 Qxe3 49. Bd5 Qg3 50. Qf7+ Kh6 51. Qf8+ Bg7 52. Qf3 Qe1+ 53. Kg2 Bd4 54. Qf4+ g5 55. Qf8+ Bg7 56. Qf2 Qa5 57. b7 Qa7 58. Qf5 Qa2+ 59. Qf2 Qa7 60. Qe2 Be5 61. Kf3 Qb8 62. Kg4 Qc7 63. Qe4 Qb6 64. Qf5 1-0

[Event "RUS-Cup7"]
[Site "Kstovo"]
[Date "1997.??.??"]
[Round "6"]
[White "Vaulin, Alexander"]
[Black "Usov, Alexey B"]
[Result "1-0"]
[WhiteElo "2490"]
[BlackElo "2340"]
[PlyCount "45"]
[EventDate "1997.05.01"]
[EventType "swiss"]
[EventRounds "9"]
[EventCountry "RUS"]
[SourceTitle "EXT 1999"]
[Source "ChessBase"]
[SourceDate "1998.11.16"]
[SourceVersion "1"]
[SourceVersionDate "1998.11.16"]
[SourceQuality "1"]

1. c4 Nf6 2. Nf3 g6 3. g3 Bg7 4. Bg2 0-0 5. d4 c5 6. 0-0 Nc6 7. Nc3 cxd4 8. Nxd4 Nxd4 9. Qxd4 d6 10. Qd3 Bf5 11. e4 Be6 12. Bd2 Rc8 13. b3 Rc5 14. Rac1 Rh5 15. Nd5 Ng4 16. h4 Bh6 17. Bxh6 Nxh6 18. Nf4 Ra5 19. Qd2 Bc8 20. Nd5 e6 21. Ne7+ Kg7 22. Nxc8 Ra6 23. Nxa7 1-0

[Event "Kstovo op"]
[Site "Kstovo"]
[Date "1994.??.??"]
[Round "5"]
[White "Gelman, Alexander"]
[Black "Usov, Alexey B"]
[Result "1/2-1/2"]
[WhiteElo "2400"]
[BlackElo "2340"]
[PlyCount "142"]
[EventDate "1994.08.??"]
[EventType "swiss"]
[EventRounds "9"]
[EventCountry "RUS"]
[SourceTitle "CBM 042 Extra"]
[Source "ChessBase"]
[SourceDate "1994.11.01"]
[SourceVersion "1"]
[SourceVersionDate "1994.11.01"]
[SourceQuality "1"]

1. e4 c5 2. Nf3 d6 3. d4 cxd4 4. Nxd4 Nf6 5. Nc3 g6 6. Be3 Bg7 7. f3 Nc6 8. Qd2 0-0 9. g4 Nxd4 10. Bxd4 Be6 11. h4 Qa5 12. h5 Rac8 13. a3 Ne8 14. Bxg7 Nxg7 15. 0-0-0 g5 16. h6 Ne8 17. Rh5 f6 18. Nd5 Qxd2+ 19. Kxd2 Kf7 20. Bd3 Rh8 21. Rh2 Nc7 22. c4 Na6 23. b4 Nb8 24. Rf1 Nd7 25. Ke3 Ne5 26. Rc2 Bd7 27. Ke2 Rhd8 28. Ne3 Ng6 29. Kf2 Nf4 30. Rd2 Be6 31. Bb1 Ng6 32. Rc1 b6 33. Ba2 Ne5 34. Ke2 Rc6 35. Rdc2 Rdc8 36. Bb3 R6c7 37. Rc3 a5 38. Ba2 axb4 39. axb4 b5 40. Nd5 Bxd5 41. exd5 bxc4 42. Ke3 Rb8 43. Bb1 Rcb7 44. Bxh7 Rh8 45. Bf5 Rxb4 46. h7 Kg7 47. Ra1 Ng6 48. Rac1 Rxh7 49. Rxc4 Rb2 50. R1c2 Rxc2 51. Rxc2 Rh1 52. Rc7 Re1+ 53. Kd2 Ra1 54. Ke3 Ra3+ 55. Ke4 Ra1 56. Ke3 Kf7 57. Be6+ Kf8 58. Rc8+ Kg7 59. Rc7 Ra5 60. Rb7 Ra8 61. Bf5 Re8 62. Bd7 Rh8 63. Bf5 Rh7 64. Ke4 Kh6 65. Rb8 Rf7 66. Rg8 Rg7 67. Re8 Kh7 68. Be6 Kh6 69. Bf5 Rf7 70. Rg8 Nf4 71. Re8 Ng6 1/2-1/2